ნორმალური ფორმატი
MARC ფორმატი
ჩანაწერი Personal Name
ჩანაწერთა რაოდენობა, რომელიც გამოყენებულია: 1
001 - CONTROL NUMBER
- control field: 18426
003 - CONTROL NUMBER IDENTIFIER
- control field: GE_BSU
005 - DATE AND TIME OF LATEST TRANSACTION
- control field: 20230602114453.0
008 - FIXED-LENGTH DATA ELEMENTS
- fixed length control field: 230602|| aca||aabn | a|a d
040 ## - CATALOGING SOURCE
- Original cataloging agency: GE_BSU
- Transcribing agency: GE_BSU
100 ## - HEADING--PERSONAL NAME
- Personal name: ღლონტი, სალომე
- Relator term: სამეცნიერო ხელმძღვანელი
670 ## - SOURCE DATA FOUND
- Source citation: Work cat.: (GE_BSU): ჭელიძე, ნანა 18425, D ვიტამინის რეცეპტორის (VDR) გენის rs2228570 პოლიმორფიზმის შესწავლა აუტოიმუნური თირეოდიტის დროს აჭარის პოპულაციის მაგალითზე:
